header

Optical deformability of fluid interfaces (Record no. 58390)

MARC details
000 -LEADER
fixed length control field 01481nam a2200385 a 4500
082 04 - DEWEY DECIMAL CLASSIFICATION NUMBER
Classification number 530.4/27
245 00 - TITLE STATEMENT
Title Optical deformability of fluid interfaces
260 ## - PUBLICATION, DISTRIBUTION, ETC. (IMPRINT)
Place of publication New York :
Name of publisher Nova Science Publishers, Inc.,
Year of publication c2009.
300 ## - PHYSICAL DESCRIPTION
Number of Pages 88 p. :
Other physical details ill.
490 1# - SERIES STATEMENT
Series statement Novinka
650 #0 - SUBJECT ADDED ENTRY--TOPICAL TERM
Topical Term Liquids
Topical Term Liquids
Topical Term Liquids
Topical Term Interfaces (Physical sciences)
Topical Term Light absorption.
700 1# - ADDED ENTRY--PERSONAL NAME
Personal name Delville, Jean-Pierre,
856 40 - ELECTRONIC LOCATION AND ACCESS
Uniform Resource Identifier http://site.ebrary.com/lib/rucke/Doc?id=10676500

No items available.

© 2026 Rongo University
Contact us: librarian | system librarian | Rongo university